[Event "Niederoesterreich Landesliga 1819"]
[Site "Austria"]
[Date "2018.09.30"]
[Round "1.3"]
[White "Schweitzer, Werner"]
[Black "Perndl, Johann"]
[Result "1-0"]
[WhiteElo "2052"]
[BlackElo "1984"]
[PlyCount "63"]
[EventDate "2018.09.30"]
[EventType "team-tourn"]
[EventRounds "11"]
[EventCountry "AUT"]
[SourceTitle "CBM 189 Extra"]
[Source "ChessBase"]
[SourceDate "2019.06.03"]
[SourceVersion "1"]
[SourceVersionDate "2019.06.03"]
[SourceQuality "1"]
[WhiteTeam "Poechlarn"]
[BlackTeam "Baden Invest"]
[WhiteTeamCountry "AUT"]
[BlackTeamCountry "AUT"]

1. e4 g6 2. d4 Bg7 3. Be3 d6 4. Nc3 Nc6 5. Qd2 e5 6. d5 Nce7 7. f3 f5 8. Bg5 h6 9. Bh4 Nf6 10. Bc4 a6 11. a3 b5 12. Ba2 0-0 13. Nge2 g5 14. Bf2 fxe4 15. Nxe4 Ng6 16. Be3 Nh4 17. N2g3 Nf5 18. Bf2 Nh4 19. 0-0 Ng6 20. Nxf6+ Bxf6 21. Nh5 Bh8 22. c4 bxc4 23. Bxc4 Rb8 24. Rae1 Nf4 25. Nxf4 Rxf4 26. Re4 Bf5 27. Rxf4 exf4 28. b4 a5 29. b5 a4 30. Re1 Kf7 31. Bd3 Qf6 32. Qc2 1-0

[Event "AUT-chT2O 1516"]
[Site "Austria"]
[Date "2016.02.20"]
[Round "5.1"]
[White "Perndl, Johann"]
[Black "Kuntner, Reinhard1111"]
[Result "0-1"]
[WhiteElo "2065"]
[BlackElo "2102"]
[PlyCount "94"]
[EventDate "2015.10.17"]
[EventType "team-tourn"]
[EventRounds "11"]
[EventCountry "AUT"]
[SourceTitle "EXT 2017"]
[Source "ChessBase"]
[SourceDate "2016.10.25"]
[SourceVersion "1"]
[SourceVersionDate "2016.10.25"]
[SourceQuality "1"]
[WhiteTeam "Baden Invest"]
[BlackTeam "Nickelsdorf Blackburne"]
[WhiteTeamCountry "AUT"]
[BlackTeamCountry "AUT"]

1. e4 c5 2. c3 a6 3. Nf3 e6 4. d4 d5 5. e5 Nc6 6. Be3 c4 7. b3 b5 8. a4 Bd7 9. Nbd2 Nge7 10. Be2 Nf5 11. 0-0 Be7 12. axb5 axb5 13. Qc2 0-0 14. Qb2 Nxe3 15. fxe3 f6 16. Rxa8 Qxa8 17. exf6 gxf6 18. bxc4 bxc4 19. Ra1 Qb8 20. Qa2 Qc7 21. Bd1 Kh8 22. Rb1 e5 23. e4 dxe4 24. Nxe4 f5 25. Ned2 e4 26. Ne1 Bh4 27. Be2 Qf4 28. Nf1 Bf2+ 29. Kh1 Bxe1 30. Rxe1 Qf2 31. Ra1 f4 32. Bxc4 Qh4 33. Bd5 f3 34. g3 Qg4 35. Ne3 Qg5 36. Qf2 Qg6 37. Re1 Ne7 38. c4 Bh3 39. Bb7 Rb8 40. Ba6 Qxa6 41. g4 Rb3 42. Qg3 Qa5 43. d5 Ng6 44. d6 Nf4 45. Qh4 Bg2+ 46. Nxg2 fxg2+ 47. Kg1 Qc5+ 0-1

[Event "AUT-ch"]
[Site "Pinkafeld"]
[Date "2015.07.25"]
[Round "1"]
[White "Sandhoefner, Florian"]
[Black "Perndl, Johann"]
[Result "1/2-1/2"]
[WhiteElo "2333"]
[BlackElo "2058"]
[PlyCount "68"]
[EventDate "2015.07.25"]
[EventType "swiss"]
[EventRounds "9"]
[EventCountry "AUT"]
[SourceTitle "CBM 167 Extra"]
[Source "ChessBase"]
[SourceDate "2015.09.14"]
[SourceVersion "1"]
[SourceVersionDate "2015.09.14"]
[SourceQuality "1"]

1. e4 c5 2. Nf3 g6 3. d4 Bg7 4. c4 Qa5+ 5. Bd2 Qb6 6. Bc3 Nf6 7. d5 0-0 8. Nbd2 d6 9. Bd3 e5 10. 0-0 Nh5 11. g3 Bh3 12. Re1 Qd8 13. Kh1 Bg4 14. Be2 Nd7 15. h3 Bxf3+ 16. Bxf3 Nhf6 17. a3 Ne8 18. b4 f5 19. Bg2 Nef6 20. Qe2 Qe7 21. Qd3 fxe4 22. Bxe4 Bh6 23. Bg2 Qf7 24. Re2 b6 25. Rae1 Rae8 26. Kg1 Nh5 27. Ne4 Qe7 28. h4 Ndf6 29. Bh3 Nxe4 30. Qxe4 Ng7 31. Rb2 Nf5 32. bxc5 bxc5 33. Reb1 Qf6 34. Kg2 Re7 1/2-1/2

[Event "Niederoesterreich Landesliga 1112"]
[Site "Austria"]
[Date "2012.03.11"]
[Round "9.3"]
[White "Buchnicek, Petr"]
[Black "Perndl, Johann"]
[Result "1-0"]
[WhiteElo "2294"]
[BlackElo "2043"]
[PlyCount "85"]
[EventDate "2011.09.18"]
[EventType "team-tourn"]
[EventRounds "11"]
[EventCountry "AUT"]
[SourceTitle "EXT 2022"]
[Source "ChessBase"]
[SourceDate "2021.10.06"]
[SourceVersion "1"]
[SourceVersionDate "2021.10.06"]
[SourceQuality "1"]

1. e4 g6 2. d4 Bg7 3. Nc3 Nc6 4. d5 Nd4 5. Be3 c5 6. Qd2 d6 7. Nd1 Bd7 8. c3 Nb5 9. Bc4 Nf6 10. f3 Nc7 11. a4 0-0 12. Ne2 Nfe8 13. Bg5 b6 14. 0-0 a6 15. Ne3 b5 16. Bb3 h6 17. Bh4 Nf6 18. Ra2 Qb8 19. c4 b4 20. a5 Qc8 21. Bc2 Rb8 22. b3 Qe8 23. Bb1 Kh8 24. h3 Nh7 25. f4 Bf6 26. Bg3 Bg7 27. e5 f5 28. e6 Bc8 29. Be1 Nf6 30. Ng3 Bxe6 31. dxe6 Nxe6 32. Ne2 Ne4 33. Bxe4 fxe4 34. Qd5 Nd4 35. Nc1 Nf5 36. Bf2 e5 37. Nxf5 gxf5 38. Ne2 exf4 39. Nxf4 e3 40. Bh4 Be5 41. Re2 Rg8 42. Rxe3 Bd4 43. Bf6+ 1-0

[Event "Niederoesterreich Landesliga 1011"]
[Site "Austria"]
[Date "2010.09.26"]
[Round "2"]
[White "Stadler, Peter"]
[Black "Perndl, Johann"]
[Result "1/2-1/2"]
[WhiteElo "2143"]
[BlackElo "2060"]
[PlyCount "80"]
[EventDate "2010.09.12"]
[EventType "team-tourn"]
[EventRounds "13"]
[EventCountry "AUT"]
[SourceTitle "EXT 2022"]
[Source "ChessBase"]
[SourceDate "2021.10.06"]
[SourceVersion "1"]
[SourceVersionDate "2021.10.06"]
[SourceQuality "1"]

1. d4 g6 2. Nf3 Bg7 3. g3 d6 4. Bg2 Bd7 5. c4 Nf6 6. Nc3 0-0 7. 0-0 Qc8 8. Re1 Nc6 9. e4 e5 10. d5 Ne7 11. c5 Ne8 12. b4 a5 13. cxd6 Nxd6 14. bxa5 Rxa5 15. Qb3 Qa8 16. Bd2 Nec8 17. a4 Ra7 18. Rac1 b6 19. Bf1 Bxa4 20. Nxa4 Rxa4 21. Rxc7 Nxe4 22. Bb4 Nc5 23. Bxc5 bxc5 24. Rxc5 e4 25. Ng5 Nd6 26. Rc6 Be5 27. Bg2 Nf5 28. Rc4 Ra3 29. Qb6 Ra6 30. Qb4 Nd6 31. Rc6 Rxc6 32. dxc6 Qxc6 33. Bxe4 Nxe4 34. Nxe4 Rd8 35. Qb3 Bg7 36. Ng5 Qf6 37. h4 h6 38. Ne4 Qd4 39. Qe3 Qxe3 40. Rxe3 Kf8 1/2-1/2

[Event "Niederoesterreich Landesliga 0910"]
[Site "Austria"]
[Date "2010.01.24"]
[Round "8"]
[White "Perndl, Johann"]
[Black "Amberger, Dieter"]
[Result "0-1"]
[WhiteElo "2036"]
[BlackElo "1984"]
[PlyCount "44"]
[EventDate "2009.09.06"]
[EventType "team-tourn"]
[EventRounds "11"]
[EventCountry "AUT"]
[SourceTitle "EXT 2022"]
[Source "ChessBase"]
[SourceDate "2021.10.06"]
[SourceVersion "1"]
[SourceVersionDate "2021.10.06"]
[SourceQuality "1"]

1. e4 c5 2. c3 Nf6 3. e5 Nd5 4. d4 cxd4 5. Nf3 Nc6 6. Bc4 Nb6 7. Bb3 d5 8. exd6 Qxd6 9. 0-0 Be6 10. Bxe6 Qxe6 11. cxd4 Rd8 12. Nc3 g6 13. Bf4 Bg7 14. Bc7 Rd7 15. Bxb6 axb6 16. d5 Qg4 17. Qe1 Nd4 18. Ne5 Bxe5 19. f3 Qf5 20. Ne4 Rxd5 21. f4 Bg7 22. Rd1 0-0 0-1

[Event "Niederoesterreich Landesliga 0910"]
[Site "Austria"]
[Date "2009.12.13"]
[Round "6"]
[White "Rumpl, Erwin"]
[Black "Perndl, Johann"]
[Result "1-0"]
[WhiteElo "2304"]
[BlackElo "2036"]
[PlyCount "67"]
[EventDate "2009.09.06"]
[EventType "team-tourn"]
[EventRounds "11"]
[EventCountry "AUT"]
[SourceTitle "EXT 2022"]
[Source "ChessBase"]
[SourceDate "2021.10.06"]
[SourceVersion "1"]
[SourceVersionDate "2021.10.06"]
[SourceQuality "1"]

1. d4 g6 2. Nf3 Bg7 3. g3 d6 4. Bg2 Nc6 5. d5 Ne5 6. Nd4 Bd7 7. f4 c5 8. fxe5 cxd4 9. exd6 Qb6 10. Qd3 Qxd6 11. Nd2 Rc8 12. 0-0 Bf5 13. e4 dxe3 14. Qxe3 Rxc2 15. Qxa7 Qb4 16. Rf4 Qc5+ 17. Qxc5 Rxc5 18. Rb4 Rc7 19. Nb3 Bh6 20. d6 exd6 21. Rxb7 Rxb7 22. Bxb7 Kd7 23. Nd4 Be6 24. Bxh6 Nxh6 25. Bc6+ Kc7 26. Rc1 Kb6 27. Nxe6 fxe6 28. Bd7 Nf5 29. Bxe6 Nd4 30. Rd1 Re8 31. Bf7 Ne2+ 32. Kf2 Rf8 33. Kxe2 Rxf7 34. Rxd6+ 1-0

[Event "Niederoesterreich Landesliga 0910"]
[Site "Austria"]
[Date "2009.10.04"]
[Round "2"]
[White "Stanivukovic, Drago"]
[Black "Perndl, Johann"]
[Result "1-0"]
[WhiteElo "1968"]
[BlackElo "2036"]
[PlyCount "67"]
[EventDate "2009.09.06"]
[EventType "team-tourn"]
[EventRounds "11"]
[EventCountry "AUT"]
[SourceTitle "EXT 2022"]
[Source "ChessBase"]
[SourceDate "2021.10.06"]
[SourceVersion "1"]
[SourceVersionDate "2021.10.06"]
[SourceQuality "1"]

1. e4 g6 2. d4 Bg7 3. c3 d5 4. e5 c5 5. f4 cxd4 6. cxd4 Nc6 7. Nc3 h5 8. h3 Nh6 9. Nf3 Nf5 10. Bb5 h4 11. 0-0 a6 12. Bxc6+ bxc6 13. Na4 e6 14. b3 Bf8 15. Qc2 Bd7 16. Bd2 Rb8 17. Nc5 Rb5 18. Nxd7 Kxd7 19. Rfc1 Qb6 20. Kh2 Ba3 21. Rd1 Nxd4 22. Nxd4 Qxd4 23. Bc1 Qb4 24. Bxa3 Qxa3 25. Rac1 c5 26. Rd4 Rc8 27. Ra4 Qxa4 28. bxa4 Rb4 29. Qf2 d4 30. Qxh4 d3 31. Qf6 Ke8 32. Qh8+ Kd7 33. Qg7 Ke8 34. Qg8+ 1-0

[Event "Niederoesterreich Landesliga 0809"]
[Site "Austria"]
[Date "2009.01.11"]
[Round "7"]
[White "Perndl, Johann"]
[Black "Descovich, Nicolai"]
[Result "0-1"]
[WhiteElo "1995"]
[BlackElo "2072"]
[PlyCount "58"]
[EventDate "2008.09.28"]
[EventType "team-tourn"]
[EventRounds "11"]
[EventCountry "AUT"]
[SourceTitle "EXT 2022"]
[Source "ChessBase"]
[SourceDate "2021.10.06"]
[SourceVersion "1"]
[SourceVersionDate "2021.10.06"]
[SourceQuality "1"]

1. e4 c5 2. c3 e6 3. d4 d5 4. Nd2 Nc6 5. Ngf3 Nf6 6. e5 Nd7 7. Bd3 Qb6 8. 0-0 cxd4 9. cxd4 Nxd4 10. Nxd4 Qxd4 11. Nf3 Qb6 12. Qc2 h6 13. Bd2 Bb4 14. Bf4 g5 15. Bg3 Nc5 16. Bh7 Bd7 17. a3 Ba4 18. Qb1 Nb3 19. axb4 Nxa1 20. Qxa1 Bb5 21. Bc2 Bxf1 22. Qxf1 Qxb4 23. Qd1 Rc8 24. h4 Qxb2 25. Nd4 Rc4 26. Ba4+ Ke7 27. Nf5+ exf5 28. Qxd5 Rc1+ 29. Kh2 Rd8 0-1

[Event "Niederoesterreich Landesliga 0809"]
[Site "Austria"]
[Date "2008.09.28"]
[Round "1"]
[White "Perndl, Johann"]
[Black "Lampl, Gerald"]
[Result "0-1"]
[WhiteElo "1995"]
[BlackElo "2155"]
[PlyCount "114"]
[EventDate "2008.09.28"]
[EventType "team-tourn"]
[EventRounds "11"]
[EventCountry "AUT"]
[SourceTitle "EXT 2022"]
[Source "ChessBase"]
[SourceDate "2021.10.06"]
[SourceVersion "1"]
[SourceVersionDate "2021.10.06"]
[SourceQuality "1"]

1. e4 d5 2. exd5 Qxd5 3. Nc3 Qd6 4. Nf3 c6 5. d4 Bg4 6. Bc4 Nf6 7. Be3 Nbd7 8. h3 Bh5 9. Qe2 e6 10. Bb3 Qc7 11. g4 Bg6 12. Nh4 Bb4 13. Nxg6 hxg6 14. Bd2 0-0-0 15. 0-0-0 Nb6 16. a3 Bd6 17. Qf3 Rd7 18. Ne4 Nxe4 19. Qxe4 c5 20. dxc5 Bxc5 21. Bf4 Qc6 22. Qxc6+ bxc6 23. f3 Nd5 24. Be5 f6 25. Bg3 Rhd8 26. c3 e5 27. Bc2 Be3+ 28. Kb1 Kc7 29. Rhe1 Bf4 30. Bf2 Rb8 31. Ka2 Rh8 32. h4 g5 33. h5 a6 34. c4 Ne7 35. Rxd7+ Kxd7 36. Rd1+ Kc7 37. Bc5 Nc8 38. Bf5 Rd8 39. Rxd8 Kxd8 40. Bf8 Ne7 41. Be4 Ke8 42. Bxg7 Kf7 43. h6 Be3 44. b4 Bb6 45. Bd3 c5 46. b5 a5 47. Be4 Bc7 48. Kb3 Bd8 49. b6 Bxb6 50. Ka4 Nc8 51. Kb5 Bd8 52. Kxc5 Be7+ 53. Kd5 Bxa3 54. c5 Bb4 55. Kc4 Ne7 56. c6 Bd6 57. Kb5 Bc7 0-1

[Event "AUT-chT2O 9798"]
[Site "Austria"]
[Date "1997.11.09"]
[Round "3"]
[White "Perndl, Johann"]
[Black "Karner, Christoph"]
[Result "1/2-1/2"]
[WhiteElo "2150"]
[BlackElo "2155"]
[PlyCount "146"]
[EventDate "1997.??.??"]
[EventType "team"]
[EventRounds "13"]
[EventCountry "AUT"]
[SourceTitle "EXT 1999"]
[Source "ChessBase"]
[SourceDate "1998.11.16"]
[SourceVersion "1"]
[SourceVersionDate "1998.11.16"]
[SourceQuality "1"]

1. e4 c5 2. c3 d5 3. exd5 Qxd5 4. d4 cxd4 5. cxd4 g6 6. Nc3 Qd8 7. Nf3 Bg7 8. Bc4 Nh6 9. 0-0 0-0 10. h3 Nf5 11. Be3 a6 12. Qd2 Nc6 13. Rad1 b5 14. Be2 Bb7 15. a3 Nxe3 16. Qxe3 Qb6 17. Qf4 e6 18. Ne4 Rad8 19. Nf6+ Bxf6 20. Qxf6 Rd5 21. Rd3 Qd8 22. Qxd8 Rfxd8 23. Rfd1 R5d6 24. Kf1 Ne7 25. Rc1 Bxf3 26. Bxf3 e5 27. Rc7 R8d7 28. Rxd7 Rxd7 29. d5 Rd6 30. g4 f5 31. gxf5 gxf5 32. Bd1 e4 33. Rc3 Kg7 34. Rc7 Kf6 35. Bb3 h6 36. Ra7 Nc8 37. Ra8 Ne7 38. Rf8+ Kg7 39. Ra8 Ng6 40. Rc8 Kf6 41. a4 bxa4 42. Bxa4 Nf4 43. Bc6 Nxh3 44. Ra8 Nf4 45. Bb7 Nxd5 46. Bxd5 Rxd5 47. Rxa6+ Kg5 48. Ra3 f4 49. Ra4 Kf5 50. b4 Ke5 51. Ra6 h5 52. Rh6 Kd4 53. Rf6 f3 54. Rb6 Ke5 55. Ke1 Kf4 56. b5 Rg5 57. Rf6+ Ke5 58. Rf8 Rg1+ 59. Kd2 Rf1 60. Re8+ Kf5 61. b6 Rb1 62. Rf8+ Kg5 63. Ke3 Rxb6 64. Kxe4 Kg4 65. Rg8+ Kh3 66. Kxf3 h4 67. Ke4 Rb4+ 68. Ke5 Rg4 69. Rh8 Kg2 70. f4 h3 71. f5 Rg3 72. f6 Re3+ 73. Kd6 h2 1/2-1/2

[Event "AUT-chT2O 9798"]
[Site "Austria"]
[Date "1997.11.07"]
[Round "1"]
[White "Perndl, Johann"]
[Black "Winiwarter, Felix"]
[Result "1/2-1/2"]
[WhiteElo "2150"]
[BlackElo "2175"]
[PlyCount "39"]
[EventDate "1997.??.??"]
[EventType "team"]
[EventRounds "13"]
[EventCountry "AUT"]
[SourceTitle "EXT 1999"]
[Source "ChessBase"]
[SourceDate "1998.11.16"]
[SourceVersion "1"]
[SourceVersionDate "1998.11.16"]
[SourceQuality "1"]

1. e4 e5 2. Nf3 Nc6 3. d4 exd4 4. Nxd4 Nf6 5. Nxc6 bxc6 6. e5 Qe7 7. Qe2 Nd5 8. c4 Ba6 9. b3 g6 10. f4 Bg7 11. Qf2 Nf6 12. Be2 0-0 13. Nc3 Ne8 14. 0-0 f6 15. exf6 Nxf6 16. Bd2 d5 17. Rae1 Qd7 18. cxd5 Bxe2 19. Qxe2 cxd5 20. Qe6+ 1/2-1/2